000 00378cam a2200157ua 4500
003 OSt
005 20260221112510.0
008 260221b |||||||| |||| 00| 0 eng d
041 _aeng
082 _a694.1
_bHOW/JO
100 _aHoward, T.O .
_97877
245 _aJoinery /
260 _aLondon :
_bThe English Universities press ltd ,
_c1962.
300 _a160 ; .
942 _cBK
999 _c794
_d794